000 00794nam a22002177a 4500
005 2008102007517.0
008 081020t xxu||||| |||| 00| 0 eng d
010 _aENG-84177
020 _a8175413069
020 _c750.00 (hb)
035 _aEN-67710
082 _a371.422
100 _aAgrawal, Rashmi
245 _aEducational vocational guidance and counseling:
_bprinciples, techniques and programmes /
_cby Rashmi Agrawal
260 _aDelhi
_bShipra Publications
260 _c2006
300 _ax,283p
_c22cm
500 _aIncludes bibliographical references and index
942 _2ddc
_cEN
_h371.422
_mAGR
999 _c17139
_d17139